Sensor-Based Robots:Algorithms and Architectures
Saved in:
| Other Authors: | |
|---|---|
| Format: | Book |
| Language: | English |
| Published: |
Berlin :
Springer,
1991
|
| Series: | NATO ASI series. Computer and systems sciences ;
; 66; Series F |
| Subjects: | |
| Tags: |
Add Tag
No Tags, Be the first to tag this record!
|
MARC
| LEADER | 00000nam a2200000 i 4500 | ||
|---|---|---|---|
| 001 | 1/82483 | ||
| 008 | 990525s1991 eng d | ||
| 020 | |a 3-540-52298-0 | ||
| 035 | |l 10051097 | ||
| 040 | |a GR-MY-UA |b gre |e aacr | ||
| 041 | 0 | |a eng | |
| 082 | 0 | |a 629.892 | |
| 245 | 1 | 0 | |a Sensor-Based Robots:Algorithms and Architectures / |c edited by C.S.George Lee |
| 260 | |a Berlin : |b Springer, |c 1991 | ||
| 300 | |a 285 p. | ||
| 490 | 1 | |a NATO ASI series. Computer and systems sciences |v ; 66; Series F | |
| 650 | 0 | 0 | |a Robots |x Control systems |x Congresses. |
| 700 | 1 | |a Lee, C. S. G. (C. S. George) |4 edt | |
| 830 | 0 | |a NATO ASI series. Computer and systems sciences ; |v ; 66; Series F | |
| 852 | |a INST |b RHODES |e 19990525 |h 629.892 SEN |p 005400015127 |q 005400015127 |t BK |y 0 | ||
| 901 | |a BIBL4-1999-2 | ||
| 909 | |a Ρ |b 065140 |c 1999 | ||
| 922 | |a 4ΕΛΗ |b 199903 |d LEADER | ||